| 000 | 00832nam a2200277Ia 4500 | ||
|---|---|---|---|
| 001 | Para_1568 | ||
| 003 | CHAP | ||
| 008 | 220125s1980 xx 000 0 und d | ||
| 010 | _a200150 | ||
| 040 | _cCHAP | ||
| 082 | _aPA 633.1 F3 1980 | ||
| 110 |
_aFAO _939428 |
||
| 245 |
_aEvaluación y recolección de datos sobre las pérdidas de cereales alimenticios posteriores a la cosecha / _c por FAO |
||
| 260 |
_aRoma : _b La Organización |
||
| 300 | _a75 p. | ||
| 440 |
_aEstudio FAO : desarrollo económico y social; 13 _9165061 |
||
| 650 |
_aCereales _x estadísticas _921416 |
||
| 650 |
_aCosechas _x perdidas de _928443 |
||
| 901 | _aPA 633.1 F3 1980 | ||
| 902 | _aA | ||
| 905 | _a0000001980 0000000000 00 | ||
| 910 | _a1980 | ||
| 942 | _cPARA | ||
| 942 |
_cPARA _d1 |
||
| 999 |
_c200150 _d200150 |
||